Cis-Trans isomerisation in polyisoprenes.Pr.VI.Production of crystallisation-inhabited natural rubber by treatment with butadiene sulphone (Record no. 55607)

MARC details
000 -LEADER
fixed length control field 00456nam a2200145Ia 4500
100 ## - MAIN ENTRY--AUTHOR NAME
Personal name Cunneen J I
245 #0 - TITLE STATEMENT
Title Cis-Trans isomerisation in polyisoprenes.Pr.VI.Production of crystallisation-inhabited natural rubber by treatment with butadiene sulphone
260 ## - PUBLICATION, DISTRIBUTION, ETC. (IMPRINT)
Name of publisher IRI Transactions
Year of publication 1960
300 ## - PHYSICAL DESCRIPTION
Number of Pages 17-28
650 ## - SUBJECT ADDED ENTRY--TOPICAL TERM
Topical Term Polyisoprenes
700 ## - ADDED ENTRY--PERSONAL NAME
Personal name Swift P McL
700 ## - ADDED ENTRY--PERSONAL NAME
Personal name Watson W F
942 ## - ADDED ENTRY ELEMENTS (KOHA)
Koha item type Journals
Holdings
Withdrawn status Lost status Damaged status Not for loan Home library Current library Shelving location Date acquired Serial Enumeration / chronology Koha item type
      Journals RRII Library RRII Library Rubber chemistry 17/12/2021 Volume 36, Issue 1 Journals